000 01027cam a22002891 4500
999 _c130303
_d130303
001 1346033
003 ARRUPE
005 20200205092726.0
008 690115s1968 enkacf 000 0 eng
010 _a 79351724
015 _aB68-07953
020 _a0719517834
040 _aDLC
_cDLC
_dDLC
050 0 0 _aDA559.5
_b.M34 1968b
082 0 0 _a941.081/0924
_aB
100 1 _aMallet, Marie,
_cLady,
_d1862-1934.
_949373
245 1 0 _aLife with Queen Victoria:
_bMarie Mallet's letters from court 1887-1901;
_cedited by Victor Mallet.
260 _aLondon,
_bJ. Murray,
_c1968.
300 _axxiv, 245 p.
_b13 plates, illus., ports.
_c23 cm.
350 _a42/-
600 0 0 _aVictoria,
_cQueen of Great Britain,
_d1819-1901
_xRelations with courts and courtiers.
_949358
600 0 0 _aMallet, Marie
_949374
651 0 _aGreat Britain
_xCourt and courtiers
_xHistory
_y19th century.
_949359
700 1 _aMallet, Victor,
_d1893-1969,
_eed.
_949375
906 _a7
_bcbc
_corignew
_du
_encip
_f19
_gy-gencatlg
942 _2lcc
_cMONOGRAPH